000 00735nam a2200193 i 4500
001 182892
003 ES-MaACL
005 20230906221737.0
008 131127s1914 sp |||| | spa d
080 _a629.532 Santa María
080 _a910.4(7/8)"14"(067.5)
100 1 _aConcas y Palau, Víctor.
_940067
245 1 3 _aLa nao histórica Santa María en la celebración del IV centenario del descubrimiento de América /
_cpor Victor Mª. Concas y Palau.
260 _a[S.l.] :
_b[s.n.],
_c1914 (
_eMadrid :
_fImp. Alemana)
300 _a144 p., [8] h. de lám. ;
_c22 cm.
610 2 4 _aSanta María (Barco)
_9153893
651 4 _aAmérica-
_xDescubrimientos y exploraciones-
_xEspañoles.
_9138324
852 _aES-MaACL
_jF-9174
999 _c182892
_d182892